000 00551nam a2200193Ia 4500
005 20250508153755.0
008 008 250505s9999 xx 000 0 eng d
037 _aTextual
040 _aFEDL
_beng
_cFEDL
041 _aeng
_2eng
084 _a370.947, KOR
_qFEDL
100 _aKorol Alexander G.
_990783
245 0 _aSoviet education for science and technology
260 _aLondon, UK
_bChapman and Hall Ltd.
_c1957
300 _axxv,513p.
650 _aEducation
942 _cTEXL
_h370.947, KOR
999 _c1345411
_d1345411